000
00296nam a22001337a 4500
008
170425b xxu||||| |||| 00| 0 eng d
020
_a
9780781721455
041
_a
eng
080
_a
577
100
_a
12
101
_a
SHM
245
_a
BASIC MEDICAL BIOCHEMISTRY
_c
SMITH.C
942
_2
udc
_c
BK
999
_c
11876
_d
11876